The world economy in transition
Saved in:
| Main Author: | |
|---|---|
| Format: | Book |
| Language: | English |
| Published: |
London : Boston :
Allen & Unwin,
1984
|
| Edition: | 2nd ed. |
| Subjects: | |
| Tags: |
Add Tag
No Tags, Be the first to tag this record!
|
MARC
| LEADER | 00000cam a2200000 i 4500 | ||
|---|---|---|---|
| 001 | 1/28298 | ||
| 008 | 960423s1984 eng d | ||
| 020 | |a 0043390358 ((pbk.)) |c Ή6.95 ($10.95 U.S.) | ||
| 035 | |l 10023013 | ||
| 040 | |a GR-MY-UA |b gre |e aacr | ||
| 041 | 0 | |a eng | |
| 082 | 0 | |a 330.903 |2 (19) | |
| 100 | 1 | |a Beenstock, Michael |d 1946- | |
| 245 | 1 | 4 | |a The world economy in transition / |c Michael Beenstock |
| 250 | |a 2nd ed. | ||
| 260 | |a London : |a Boston : |b Allen & Unwin, |c 1984 | ||
| 300 | |a xiv, 274 p.; |b ill.; |c 21 cm | ||
| 500 | |a Includes index | ||
| 504 | |a Bibliography: p. [262]-267 | ||
| 650 | 0 | 0 | |a Economic history |y 1971-1990. |
| 852 | |a INST |b CHIOS |e 19960423 |h 330.903 BEE |p 005200005781 |q 005200005781 |t BK |y 0 | ||
| 909 | |a Χ |b 001478 | ||